Plant physiology for sustainable forestry, agri-horticulture and industry (Record no. 329219)

000 -LEADER
fixed length control field nam a22 7a 4500
001 - CONTROL NUMBER
control field 2072
003 - CONTROL NUMBER IDENTIFIER
control field ASAB
005 - DATE AND TIME OF LATEST TRANSACTION
control field 20170427113502.0
008 - FIXED-LENGTH DATA ELEMENTS--GENERAL INFORMATION
fixed length control field 170427b xxu||||| |||| 00| 0 eng d
020 ## - INTERNATIONAL STANDARD BOOK NUMBER
International Standard Book Number 81-7132-290-5
040 ## - CATALOGING SOURCE
Transcribing agency ASAB
082 ## - DEWEY DECIMAL CLASSIFICATION NUMBER
Classification number 581.1
222 ## - KEY TITLE
Key title horticulture
240 ## - UNIFORM TITLE
Uniform title Plant physiology for sustainable forestry, agri-horticulture and industry Production and developmental plant physiology
245 ## - TITLE STATEMENT
Title Plant physiology for sustainable forestry, agri-horticulture and industry
Remainder of title Production and developmental plant physiology
Statement of responsibility, etc. Editors K.K. Bora, Karan singh, Arvind Kumar
246 ## - VARYING FORM OF TITLE
Title proper/short title Plant physiology
Remainder of title horticulture and industry
Medium plant physiology
300 ## - PHYSICAL DESCRIPTION
Extent 344 P
942 ## - ADDED ENTRY ELEMENTS (KOHA)
Source of classification or shelving scheme
Koha item type Book
Holdings
Withdrawn status Lost status Source of classification or shelving scheme Damaged status Not for loan Permanent Location Current Location Date acquired Total Checkouts Full call number Barcode Date last seen Price effective from Koha item type
          Central Library (CL) Central Library (CL) 04/27/2017   581.1 BOR ASAB2072 04/27/2017 04/27/2017 Book
© 2023 Central Library, National University of Sciences and Technology. All Rights Reserved.